Питирим Александрович Сорокин (Запись № 10256890)

Подробности
000 -МАРКЕР
контрольное поле 02161nam0a2200397 i 4500
001 - ИДЕНТИФИКАТОР ЗАПИСИ
контрольное поле RU\NLR\BIBL_A\010530948
005 - ИДЕНТИФИКАТОР ВЕРСИИ
контрольное поле 20260406164820.0
010 ## - МЕЖДУНАРОДНЫЙ СТАНДАРТНЫЙ НОМЕР КНИГИ (ISBN)
Номер (ISBN) 9785872379911
Тираж 200
021 ## - НОМЕР ГОСУДАРСТВЕННОЙ РЕГИСТРАЦИИ
Код страны Российская Федерация
Номер 2014-68027
Номер Листа государственной регистраци 4167
035 ## - ДРУГИЕ СИСТЕМНЫЕ НОМЕРА
Идентификатор записи (NILC)RuMoRGB-007549132
035 ## - ДРУГИЕ СИСТЕМНЫЕ НОМЕРА
Идентификатор записи (NLR Aleph) 010530948
100 ## - ДАННЫЕ ОБЩЕЙ ОБРАБОТКИ
Данные общей обработки 20141114d2014 um y0rusy50 ca
101 0# - ЯЗЫК РЕСУРСА
Язык текста, звукозаписи и т.д. русский
102 ## - СТРАНА ПУБЛИКАЦИИ ИЛИ ПРОИЗВОДСТВА
Страна публикации Российская Федерация
105 ## - ПОЛЕ КОДИРОВАННЫХ ДАННЫХ: ТЕКСТОВЫЕ МАТЕРИАЛЫ, МОНОГРАФИЧЕСКИЕ
Кодированные данные о монографическом текстовом документе ach b 001yy
200 1# - ЗАГЛАВИЕ И СВЕДЕНИЯ ОБ ОТВЕТСТВЕННОСТИ
Основное заглавие Питирим Александрович Сорокин
Сведения, относящиеся к заглавию альбом-каталог из фондов Музея истории просвещения Коми края
Первые сведения об ответственности М-во образования и науки Российской Федерации, ФГБОУ ВПО "Сыктывкарский гос. ун-т", Музей истории просвещения Коми края
Последующие сведения об ответственности [авт. проекта, ред.-сост. д-р культурологии, проф. М. И. Бурлыкина]
210 ## - ПУБЛИКАЦИЯ, РАСПРОСТРАНЕНИЕ И ДР.
Место издания, распространения и т.д. Сыктывкар
Имя издателя, распространителя и т. д. Изд-во СыктГУ
Дата издания, распространения и т.д. 2014
215 ## - ФИЗИЧЕСКАЯ ХАРАКТЕРИСТИКА
Специфическое обозначение материала и объем 155 с., [30] л. ил., портр., факс, цв. ил.
Размеры 21
320 ## - ПРИМЕЧАНИЯ О НАЛИЧИИ В ДОКУМЕНТЕ БИБЛИОГРАФИИ / УКАЗАТЕЛЯ
Текст примечания Библиогр. в тексте
320 ## - ПРИМЕЧАНИЯ О НАЛИЧИИ В ДОКУМЕНТЕ БИБЛИОГРАФИИ / УКАЗАТЕЛЯ
Текст примечания Имен. указ.: с. 151-154
320 ## - ПРИМЕЧАНИЯ О НАЛИЧИИ В ДОКУМЕНТЕ БИБЛИОГРАФИИ / УКАЗАТЕЛЯ
Текст примечания Список трудов П. А. Сорокина: с. 33-43
600 #1 - ИМЯ ЛИЦА КАК ПРЕДМЕТ
Начальный элемент ввода Сорокин
Часть имени, кроме начального элемента ввода П.А.
Даты 1889 - 1968
Расширение инициалов личного имени Питирим Александрович
Формальный подзаголовок Биографии
Системный номер авторитетной/нормативной записи 1687111
Идентификатор авторитетной/нормативной записи RU\NLR\AUTH\661048200
601 02 - НАИМЕНОВАНИЕ ОРГАНИЗАЦИИ КАК ПРЕДМЕТ
Начальный элемент ввода Музей истории просвещения Коми края
Идентифицирующий признак Сыктывкар
686 1# - ИНДЕКСЫ ДРУГИХ КЛАССИФИКАЦИЙ
Индекс С51(7США)6-15-1
686 1# - ИНДЕКСЫ ДРУГИХ КЛАССИФИКАЦИЙ
Индекс Ю3(7США)6-1
702 #1 - ИМЯ ЛИЦА - ВТОРИЧНАЯ ОТВЕТСТВЕННОСТЬ
Код отношения Прочие
Графика поля Кириллица
Материалы, к которым относится поле rus
Начальный элемент ввода Сорокин
Часть имени, кроме начального элемента ввода П. А.
Дополнения к именам, кроме дат социолог, писатель
Даты 1889-1968
Расширение инициалов личного имени Питирим Александрович
Системный номер авторитетной/нормативной записи 120992
Идентификатор авторитетной/нормативной записи RU\NLR\AUTH\7711238
702 #1 - ИМЯ ЛИЦА - ВТОРИЧНАЯ ОТВЕТСТВЕННОСТЬ
Начальный элемент ввода Бурлыкина
Часть имени, кроме начального элемента ввода М. И.
Даты 1949-
Расширение инициалов личного имени Майя Ивановна
Код отношения Составитель
711 02 - НАИМЕНОВАНИЕ ОРГАНИЗАЦИИ - АЛЬТЕРНАТИВНАЯ ОТВЕТСТВЕННОСТЬ
Начальный элемент ввода Музей истории просвещения Коми края
Идентифицирующий признак Сыктывкар
Системный номер авторитетной/нормативной записи 358386
Идентификатор авторитетной/нормативной записи RU\NLR\AUTH\889931477
801 #0 - ИСТОЧНИК ЗАПИСИ
Страна Российская Федерация
Организация РГБ
Дата составления 20140909
Правила каталогизации RCR
942 ## - ДОПОЛНИТЕЛЬНЫЕ ЭЛЕМЕНТЫ ЗАПИСИ (АБИС)
Тип экземпляра АБИС Книга
980 ## - КОЛЛЕКЦИЯ
Название коллекции НБР

Нет доступных экземпляров.